000 00458nam a22001817a 4500
005 20260416113354.0
008 260416b |||||||| |||| 00| 0 eng d
020 _a9788190707770
_c695.00
040 _aMAIN
041 _aEnglish
082 _a519.6
_bALA
100 _aAlam, Tanweer
_922679
245 _aComputer Based Optimization Techniques
260 _aDelhi
_bA.B. Publisher
_c2023
300 _a412
650 _aComputer Science
942 _cBK
999 _c60620
_d60620